00860 a2200181 45000010006000000050017000060080041000230030015000640400040000790800104001192450054002232640033002773000026003105050287003361000023006236500015006466500017006612552520260407155539.0260407a1972 arg spa dAR-UNSa-BCEJYS aAR-UNSa-BCEJYSbspacAR-UNSa-BCEJYS a347.736xQuiebra. Insolvencia. Suspensión de pagos. Bancarrota, procedimientos. Derecho Concursal10aLey de ConcursospComentada y anotada. Ley 19.551 1aBuenos Aires :bAstreac1972 axxvii, 283 p.c23 cm. aParte I : De los concursos comerciales : 1. Principios generales - 2. Concursos preventivo - 3. Quiebra - 4. Concurso en caso de liquidación administrativa - 5. Disposiciones comunes - Parte II : De los concursos civiles - Parte III : Disposiciones complementarias y transitorias.1 aFassi, Santiago C. aLey 19.551 a ley 19 551